<?xml version="1.0" encoding="UTF-8"?>
<record
    xmlns:xsi="http://www.w3.org/2001/XMLSchema-instance"
    xsi:schemaLocation="http://www.loc.gov/MARC21/slim http://www.loc.gov/standards/marcxml/schema/MARC21slim.xsd"
    xmlns="http://www.loc.gov/MARC21/slim">

  <leader>01038nam a22002657a 4500</leader>
  <controlfield tag="001">BRCA_9396</controlfield>
  <controlfield tag="003">FranzMayer</controlfield>
  <controlfield tag="005">20230918124904.0</controlfield>
  <controlfield tag="008">230901b        |||||||| |||| 00| 0 eng d</controlfield>
  <datafield tag="020" ind1=" " ind2=" ">
    <subfield code="a">9684846614</subfield>
  </datafield>
  <datafield tag="040" ind1=" " ind2=" ">
    <subfield code="a">MFM</subfield>
    <subfield code="b">ESPA&#xD1;OL</subfield>
    <subfield code="c">MFM</subfield>
  </datafield>
  <datafield tag="050" ind1=" " ind2="0">
    <subfield code="a">HF5549.5.M5</subfield>
    <subfield code="b">M33 2006</subfield>
  </datafield>
  <datafield tag="100" ind1="1" ind2=" ">
    <subfield code="4">Autor</subfield>
    <subfield code="a">Maas Moreno, Margarita</subfield>
    <subfield code="9">29510</subfield>
  </datafield>
  <datafield tag="240" ind1=" " ind2=" ">
    <subfield code="a">Gesti&#xF3;n cultural, comunicaci&#xF3;n y desarrollo</subfield>
    <subfield code="h">Teor&#xED;a y pr&#xE1;ctica</subfield>
    <subfield code="l">Espa&#xF1;ol</subfield>
  </datafield>
  <datafield tag="245" ind1="0" ind2=" ">
    <subfield code="a">Gesti&#xF3;n cultural, comunicaci&#xF3;n y desarrollo</subfield>
    <subfield code="b">Teor&#xED;a y pr&#xE1;ctica</subfield>
  </datafield>
  <datafield tag="260" ind1=" " ind2=" ">
    <subfield code="a">M&#xE9;xico</subfield>
    <subfield code="b">UNAM</subfield>
    <subfield code="c">2006</subfield>
  </datafield>
  <datafield tag="300" ind1=" " ind2=" ">
    <subfield code="a">142 p</subfield>
    <subfield code="b">Ilustraciones</subfield>
    <subfield code="c">23 cm</subfield>
  </datafield>
  <datafield tag="500" ind1=" " ind2=" ">
    <subfield code="a">Anexo 1</subfield>
  </datafield>
  <datafield tag="505" ind1=" " ind2=" ">
    <subfield code="a">Texto en: espa&#xF1;olIncluye &#xED;ndice tem&#xE1;ticoIncluye bibliograf&#xED;aDirigido a: personas que trabajen en recursos humanos/con mucha gente</subfield>
  </datafield>
  <datafield tag="650" ind1="1" ind2=" ">
    <subfield code="2">Comercio</subfield>
    <subfield code="a">Negociones</subfield>
    <subfield code="v">Desarrollo personal</subfield>
    <subfield code="9">29511</subfield>
  </datafield>
  <datafield tag="651" ind1="2" ind2=" ">
    <subfield code="2">Gesti&#xF3;n cultural</subfield>
    <subfield code="a">Comunicaci&#xF3;n</subfield>
    <subfield code="v">Desarrollo</subfield>
    <subfield code="9">29512</subfield>
  </datafield>
  <datafield tag="700" ind1="1" ind2=" ">
    <subfield code="4">Dise&#xF1;o</subfield>
    <subfield code="a">Garcia Flores, Luis</subfield>
    <subfield code="9">29513</subfield>
  </datafield>
  <datafield tag="700" ind1="1" ind2=" ">
    <subfield code="4">Rev.</subfield>
    <subfield code="a">S&#xE1;nchez Manchero, Mauricio</subfield>
    <subfield code="9">29514</subfield>
  </datafield>
  <datafield tag="942" ind1=" " ind2=" ">
    <subfield code="2">lcc</subfield>
    <subfield code="c">B</subfield>
  </datafield>
  <datafield tag="999" ind1=" " ind2=" ">
    <subfield code="c">11018</subfield>
    <subfield code="d">11018</subfield>
  </datafield>
  <datafield tag="952" ind1=" " ind2=" ">
    <subfield code="0">0</subfield>
    <subfield code="1">0</subfield>
    <subfield code="2">lcc</subfield>
    <subfield code="4">0</subfield>
    <subfield code="7">0</subfield>
    <subfield code="8">FCON</subfield>
    <subfield code="a">BRCA</subfield>
    <subfield code="b">BRCA</subfield>
    <subfield code="d">2023-09-01</subfield>
    <subfield code="l">0</subfield>
    <subfield code="o">HF5549.5.M5 M33 2006</subfield>
    <subfield code="p">CONT10165</subfield>
    <subfield code="r">2023-09-01 00:00:00</subfield>
    <subfield code="w">2023-09-01</subfield>
    <subfield code="y">B</subfield>
  </datafield>
</record>
